Statistiques concernant Pokémon Introuvables EB

Cliquez ici pour prendre le quiz!

Statistiques générales

  • Ce quiz a été pris 21 fois
  • Le résultat moyen est 122 sur 234

Statistiques - réponses

GénérationPokémon% Correct
Florges
100%
2Germignon
100%
Grotadmorv
100%
Tadmorv
100%
5Vipélierre
100%
Aligatueur
83%
Amphinobi
83%
1Aspicot
83%
Blindépique
83%
Boguérisse
83%
Boskara
83%
Chimpenfeu
83%
Clamiral
83%
Coconfort
83%
Croâporal
83%
Crocrodil
83%
Dardargnan
83%
Électrode
83%
Feunnec
83%
Feurisson
83%
Flabébé
83%
Floette
83%
Goupelin
83%
Grenousse
83%
Grotichon
83%
Gruikui
83%
Héricendre
83%
Hypnomade
83%
Kaiminus
83%
Lianaja
83%
Macronium
83%
Majaspic
83%
6Marisson
83%
Mateloutre
83%
Méganium
83%
Moustillon
83%
Ouisticram
83%
Pingoléon
83%
Prinplouf
83%
Roitiflam
83%
Roucarnage
83%
Roucool
83%
Roucoups
83%
Roussil
83%
Simiabraz
83%
Soporifik
83%
Tiplouf
83%
Torterra
83%
4Tortipouss
83%
Typhlosion
83%
Abo
67%
Arbok
67%
Armulys
67%
Blindalys
67%
Charmillon
67%
Chenipotte
67%
Corboss
67%
Cornèbre
67%
Démolosse
67%
Étouraptor
67%
Étourmi
67%
Étourvol
67%
Grahyèna
67%
Gravalanch
67%
Grolem
67%
Hélédelle
67%
Lainergie
67%
Limagma
67%
3Medhyèna
67%
Mimigal
67%
Nirondelle
67%
Papinox
67%
Pharamp
67%
Racaillou
67%
Rattata
67%
Rattatac
67%
Volcaropod
67%
Voltorbe
67%
Zarbi
67%
Aéromite
50%
Anchwatt
50%
Avaltout
50%
Bastiodon
50%
Boustiflor
50%
Cabriolaine
50%
Cacnea
50%
Cacturne
50%
Camérupt
50%
Castorno
50%
Cerfrousse
50%
Chamallot
50%
Charkos
50%
Chétiflor
50%
Chevroum
50%
Colossinge
50%
Couverdure
50%
Coxy
50%
Coxyclaque
50%
Dinoclier
50%
Dodrio
50%
Doduo
50%
Empiflor
50%
Férosinge
50%
Feuforêve
50%
Feuillajou
50%
Feuiloutan
50%
Flamajou
50%
Flamoutan
50%
Flotajou
50%
Flotoutan
50%
Foretress
50%
Fouinar
50%
Fouinette
50%
Girafarig
50%
Gloupti
50%
Granbull
50%
Héliatronc
50%
Hélionceau
50%
Keunotor
50%
Kranidos
50%
Lamantine
50%
Lampéroie
50%
Larveyette
50%
Lépidonille
50%
Lovdisc
50%
Magirêve
50%
Malosse
50%
Mamanbo
50%
Mangriff
50%
Manternel
50%
Migalos
50%
Mimitoss
50%
Miradar
50%
Monaflèmit
50%
Négapi
50%
Némélios
50%
Ohmassacre
50%
Otaria
50%
Parecool
50%
Pérégrain
50%
Piafabec
50%
Pomdepik
50%
Posipi
50%
Prismillon
50%
Queulorior
50%
Rapasdepic
50%
Ratentif
50%
Scorplane
50%
Scorvol
50%
Séviper
50%
Snubbull
50%
Spinda
50%
Teddiursa
50%
Tournegrin
50%
Ursaring
50%
Vigoroth
50%
Wattouat
50%
Yanma
50%
Yanméga
50%
Arakdo
33%
Arceus
33%
Balignon
33%
Bazoucan
33%
Branette
33%
Capidextre
33%
Capumain
33%
Chaffreux
33%
Chaglam
33%
Chapignon
33%
Charmina
33%
Cheniselle
33%
Cheniti
33%
Coquiperl
33%
Cotovol
33%
Crikzik
33%
Darkrai
33%
Denticrisse
33%
Donphan
33%
Éoko
33%
Floravol
33%
Granivol
33%
Groret
33%
Hariyama
33%
Kecleon
33%
Korillon
33%
Lumivole
33%
Makuhita
33%
Manaphy
33%
Maskadra
33%
Méditikka
33%
Mélokrik
33%
Muciole
33%
Papilord
33%
Paras
33%
Parasect
33%
Phanpy
33%
Phione
33%
7Picassaut
33%
Pijako
33%
Polichombr
33%
Rosabyss
33%
Serpang
33%
Shaymin
33%
Spoink
33%
Tarinor
33%
Tarinorme
33%
Argouste
17%
Couafarel
17%
Couaneton
17%
Crabagarre
17%
Crabominable
17%
Delcatty
17%
Deoxys
17%
Dodoala
17%
Écayon
17%
Haydaim
17%
Hoopa
17%
Lakmécygne
17%
Luminéon
17%
Manglouton
17%
Meloetta
17%
Météno
17%
Morphéo
17%
Mustébouée
17%
Mustéflott
17%
Pachirisu
17%
Piclairon
17%
Plumeline
17%
Skitty
17%
Tropius
17%
Vivaldaim
17%
Vortente
17%
Zébibron
17%
Zéblitz
17%

Distribution des résultats

Percentile par nombre de réponses

% des personnes avec chaque résultat

Votre développement - résultats

Vous n’avez pas pris ce quiz